| 000 | 00506nam a22001937a 4500 | ||
|---|---|---|---|
| 003 | OSt | ||
| 005 | 20260416152449.0 | ||
| 008 | 260416b |||||||| |||| 00| 0 eng d | ||
| 020 | _a9789361358586 | ||
| 082 | _a615.19 MAP | ||
| 100 | _aMahajan, Kiran Chanderkant | ||
| 245 | _aPractical Handbook of Physical Pharmaceutics-II | ||
| 260 |
_aN.Delhi _bAkinik _c2025 |
||
| 300 | _a31 | ||
| 650 | _aPhysical pharmaceutics-II | ||
| 700 | _aSuryawanshi, A.R | ||
| 700 | _aWavhal & Wavhal | ||
| 942 |
_2ddc _cBK |
||
| 999 |
_c13909 _d13909 |
||